书目信息 |
| 题名: |
中世教育史
|
|
| 作者: | 格莱夫斯 著 ;吴康 译 | |
| 分册: | ||
| 出版信息: | 上海 华东师范大学出版社 2005 |
|
| 页数: | 337页 | |
| 开本: | 21cm | |
| 丛书名: | 六点学术 | |
| 单 册: | ||
| 中图分类: | G519.3 | |
| 科图分类: | ||
| 主题词: | 教育史--世界--中世纪 , 教育史 | |
| 电子资源: | ||
| ISBN: | 7-5617-4266-5 | |
| 000 | 01112oam2 2200301 450 | |
| 001 | 1256391865 | |
| 005 | 20121006154025.06 | |
| 010 | @a7-5617-4266-5@dCNY28.00 | |
| 100 | @a20050919d2005 em y0chiy50 ea | |
| 101 | 1 | @achi@ceng |
| 102 | @aCN@b310000 | |
| 105 | @ay z 000yy | |
| 200 | 1 | @a中世教育史@Azhong shi jiao yu shi@dA history of education@eduring the middle ages and the transition to modern times@f(美)格莱夫斯著@g吴康译@zeng |
| 210 | @a上海@c华东师范大学出版社@d2005 | |
| 215 | @a337页@d21cm | |
| 225 | 2 | @a六点学术@i民国系列 |
| 308 | @a民国系列第一辑 | |
| 330 | @a本书包括中世纪时代之问题、修行主义与道院学校、查理曼之教育中兴、阿尔弗烈德治下之教育复兴、神秘主义与经院哲学之教育趋势等内容。 | |
| 461 | 0 | @12001 @a六点学术 |
| 462 | 0 | @12001 @a民国系列 |
| 510 | 1 | @aHistory of education@eduring the middle ages and the transition to modern times@zeng |
| 606 | 0 | @a教育史@y世界@z中世纪 |
| 606 | 0 | @a教育史 |
| 690 | @aG519.3@v4 | |
| 701 | 0 | @c(美)@a格莱夫斯@Age lai fu si@4著 |
| 702 | 0 | @a吴康@Awu kang@c(社科)@4译 |
| 801 | 0 | @aCN@bNLC@c20101222 |
| 905 | @a10447@dG519.3@eJY31 | |
| 中世教育史=A history of education:during the middle ages and the transition to modern times/(美)格莱夫斯著/吴康译.-上海:华东师范大学出版社,2005 |
| 337页;21cm.-(六点学术.民国系列) |
| ISBN 7-5617-4266-5:CNY28.00 |
| 本书包括中世纪时代之问题、修行主义与道院学校、查理曼之教育中兴、阿尔弗烈德治下之教育复兴、神秘主义与经院哲学之教育趋势等内容。 |
| ● |
| 相关链接 |
|
|
|
|
正题名:中世教育史
索取号:G519.3/JY31
 
预约/预借
| 序号 | 登录号 | 条形码 | 馆藏地/架位号 | 状态 | 备注 |
| 1 | 7807499 | 278074995 | 学院路分馆/ [索取号:G519.3/JY31] | 在馆 | |
| 2 | 7807500 | 278075002 | 学院路分馆/ [索取号:G519.3/JY31] | 在馆 |